书目信息 |
| 题名: |
遗传学实验
|
|
| 作者: | 河北师大 北京师院合 编 | |
| 分册: | ||
| 出版信息: | 北京 高等教育出版社 1982 |
|
| 页数: | 123 | |
| 开本: | 20cm | |
| 丛书名: | ||
| 单 册: | ||
| 中图分类: | Q3-3 | |
| 科图分类: | ||
| 主题词: | 遗传学--研究方法 , 实验遗传学 | |
| 电子资源: | ||
| ISBN: | 7-04-000399-6 | |
| 000 | 00602nam0 2200193 450 | |
| 001 | 0741144344 | |
| 005 | 20070817112544.34 | |
| 010 | @a7-04-000399-6@d¥1.35 | |
| 100 | @a20070817d km y0chiy0120 ea | |
| 101 | 0 | @achi |
| 200 | 1 | @a遗传学实验@Ayi chuan xue shi yan@f河北师大 北京师院合编@Fhe bei shi da bei jing shi yuan he bian |
| 210 | @a北京@c高等教育出版社@d1982 | |
| 215 | @a123@d20cm | |
| 606 | 0 | @a遗传学@x研究方法 |
| 606 | 0 | @a实验遗传学 |
| 690 | @aQ3-3@v3 | |
| 701 | 0 | @a河北师大 北京师院合@Ahe bei shi da bei jing shi yuan he@4编 |
| 801 | 0 | @aCN@bPFT@c20070817 |
| 905 | @a213230@dQ3-3@en2@f1 | |
| 遗传学实验/河北师大 北京师院合编.-北京:高等教育出版社,1982 |
| 123;20cm |
| ISBN 7-04-000399-6:¥1.35 |
| ● |
| 相关链接 |
|
|
|
|
正题名:遗传学实验
索取号:Q3-3/n2
 
预约/预借
| 序号 | 登录号 | 条形码 | 馆藏地/架位号 | 状态 | 备注 |
| 1 | 6600137 | 266001373 | 密集书库-生命科学系/ [索取号:Q3-3/n2] | 在馆 |